000 01405nam0a2200337 4500
001 RU\NLR\bibl\1150657
005 20260405102804.0
010 _a5-8032-0109-X
_9500
021 _aRU
_b2007-65068
_93477
035 _a(NLR Aleph) 001137453
090 _a1396358
_c1396358
100 _a20071107d2007 |||y0rusy50 ca
101 0 _arus
102 _aRU
105 _aa |||||||||
200 1 _aРесурсное взаимодействие третьего сектора: усиление социальных ориентиров
_fТ.А. Васильева
205 _aИзд. 2-е, доп. и испр.
210 _aМосква
_cЗнание
_d2007
215 _a239 с.
_cил.
_d22
300 _aПеред. вып. дан. авт.: Васильева Т.А., к.ист.н.
320 _aБиблиогр. в подстроч. примеч.
606 1 _aНекоммерческие организации негосударственные
_xПравовые вопросы
_yРоссийская Федерация
_91620094
_3RU\NLR\auth\661012995
686 _aХ621.012
686 _aХ623.012.3
686 _aУ29(2Р)
700 1 _4070
_8rus
_7ca
_aВасильева
_bТ. А.
_cисторик
_gТатьяна Алексеевна
_3RU\NLR\auth\7738497
_921481
801 0 _aRU
_bNLR
_c20071107
_gRCR
801 1 _aRU
_bNLR
_c20071107
942 _cBOOK
980 _aNB